Katy Perry - Paroles Roar - Statistiques

Statistiques générales
  • Ce quiz a été pris 69 fois
  • Le résultat moyen est 312 sur 409
Statistiques - réponses
Hint Réponse % Correct
Couplet 1 | Refrain I
100%
roar
94%
roar)
94%
Bridge Roar,
94%
roar,
94%
a
92%
tiger,
92%
you
92%
| Pré-refrain You
92%
me
90%
the
90%
and
88%
gonna
88%
Post-refrain Oh
88%
oh
88%
to
88%
got
86%
hear
86%
champion,
82%
fire
82%
of
82%
you're
82%
You're
82%
eye
80%
'cause
78%
'Cause
78%
So
78%
so
78%
am
76%
Dancing
73%
my
73%
up
71%
but
69%
through
69%
used
67%
breath
65%
down,
65%
Louder,
65%
louder
65%
hold
63%
lion
63%
for
61%
sound
61%
that
61%
had
57%
it
57%
Like
57%
like
57%
now
57%
Couplet 2 Now
57%
tongue
57%
I'm
55%
make
55%
than
55%
voice,
55%
Already
53%
bite
53%
push
53%
quietly,
53%
see
53%
choice
51%
Get
51%
hero
51%
mess
51%
all,
49%
breaking
49%
ground
49%
zero,
49%
enough
47%
everything
47%
held
47%
I've
47%
point
47%
butterfly
45%
dust
45%
fighter
45%
forgot
45%
fell
43%
from
43%
ready
43%
shake
43%
(hey)
41%
let
41%
nothing,
41%
politely
39%
boat
37%
guess
37%
off
37%
sat
37%
Scared
37%
agreed
35%
past
35%
went
35%
own
33%
thunder,
33%
brushing
31%
stood
31%
bee,
29%
rock
29%
(yeah)
29%
earned
24%
floatin'
24%
Stinging
24%
stripes
24%
(you'll
22%
Aucun quiz correspondant
Distribution des résultats
% des personnes avec chaque résultat
Percentile par nombre de réponses
Votre historique - résultats
Vous n’avez pas pris ce quiz